<?xml version="1.0" encoding="UTF-8"?>
<record
    xmlns:xsi="http://www.w3.org/2001/XMLSchema-instance"
    xsi:schemaLocation="http://www.loc.gov/MARC21/slim http://www.loc.gov/standards/marcxml/schema/MARC21slim.xsd"
    xmlns="http://www.loc.gov/MARC21/slim">

  <leader>03154nmm a22002297a 4500</leader>
  <datafield tag="999" ind1=" " ind2=" ">
    <subfield code="c">5184</subfield>
    <subfield code="d">5184</subfield>
  </datafield>
  <controlfield tag="003">OSt</controlfield>
  <controlfield tag="005">20240419100250.0</controlfield>
  <controlfield tag="008">191018e        xxu|||||o||d| 00| 0 spa d</controlfield>
  <datafield tag="020" ind1=" " ind2=" ">
    <subfield code="a">9789873003455</subfield>
  </datafield>
  <datafield tag="040" ind1=" " ind2=" ">
    <subfield code="c">PJ</subfield>
  </datafield>
  <datafield tag="245" ind1="1" ind2="0">
    <subfield code="a">Revista Laboral :</subfield>
    <subfield code="b">derecho y deberes de las partes - II /</subfield>
    <subfield code="c">Mario E. Ackerman director.</subfield>
  </datafield>
  <datafield tag="260" ind1=" " ind2=" ">
    <subfield code="a">Santa F&#xE9; :</subfield>
    <subfield code="b">Rubinzal Culzoni,</subfield>
    <subfield code="c">2012.</subfield>
  </datafield>
  <datafield tag="300" ind1=" " ind2=" ">
    <subfield code="a">792 p.</subfield>
    <subfield code="c">22 cm.</subfield>
  </datafield>
  <datafield tag="310" ind1=" " ind2=" ">
    <subfield code="a">semestral</subfield>
  </datafield>
  <datafield tag="362" ind1=" " ind2=" ">
    <subfield code="a">No. 2 (2012) </subfield>
  </datafield>
  <datafield tag="500" ind1=" " ind2=" ">
    <subfield code="a">Derechos sociales fundamentales y el mundo del trabajo, por Mar&#xED;a del Carmen Pi&#xF1;a; 
La culpa en el incumplimiento de las obligaciones laborales, por Jos&#xE9; Daniel Machado; 
El derecho de resistencia frente al ejercicio irregular de las facultades empresarias, por C&#xE9;sar Arese; 
El concepto de dignidad en los fallos de la CSJN. &#xBF;Qu&#xE9; papel cumplen los precedentes en nuestra pr&#xE1;ctica jur&#xED;dica? &#xBF;Son obligatorios?, por Federico Rodriguez y Gabriel Tosto; 
Algunas consideraciones acerca de la facultad disciplinaria del empleador, por Silvia E. Pinto Varela; 
&#xBF;Qu&#xE9; determina o fundamenta que sea el patrono quien detente el mayor poder en el contrato de trabajo?, por Alfredo Juan Manuel Britos; 
El derecho a la intimidad y la facultad empresarial de contralor, por Carlos Alberto Toselli; 
El derecho a la imagen en el &#xE1;mbito laboral, por Ana Mar&#xED;a Salas; 
El deber de trabajar. Distintas perspectivas, por Ricardo Francisco Seco; 
Control empresarial sobre los comportamientos extralaborales del trabajador, por Carlos Alberto Livellara; 
Responsabilidad solidaria en las obligaciones del art&#xED;culo 80 de la LCT (t. o.), por Mario E. Ackerman; 
Algunas consideraciones sobre el derecho de introducir cambios que la LCT otorga al empleador. El rol de la razonabilidad en la arquitectura de nuestro r&#xE9;gimen legal, por Miguel A. Maza; 
La acci&#xF3;n de restablecimiento de las condiciones alteradas prevista en el art&#xED;culo 66 de la LCT, por Miguel &#xC1;ngel Pirolo; 
Facultad de modificar las formas y modalidades del trabajo ("ius variandi"), por Daniel Horacio Brain; 
Derechos y deberes de las partes en la suspensi&#xF3;n del contrato de trabajo por enfermedad inculpable, por Hugo Roberto Mansueti; 
Da&#xF1;os por incumplimiento patronal a las obligaciones de registro, ingreso de aportes y contribuciones y entrega de la certificaci&#xF3;n de servicios: su reparaci&#xF3;n con fundamento en el Derecho com&#xFA;n al margen de la respuesta t&#xED;pica, por Sof&#xED;a Andrea Keselman; Derecho al acceso al sistema de seguridad social, por Patricia N. De Petre y Sebasti&#xE1;n C. Coppoletta; 
"Bullying": Una nueva forma de violencia laboral, por Ver&#xF3;nica Karina Pinturella y Federico Luis Venecia Rossi;
Objeci&#xF3;n de conciencia en el Derecho del Trabajo. Su ejercicio, por Andrea Silvana Quintos.
 
Jurisprudencia Sumarios y sistematizaci&#xF3;n de fallos, por Ra&#xFA;l Horacio Ojeda, Diego Guirado y Gisel Gallino.

</subfield>
  </datafield>
  <datafield tag="650" ind1=" " ind2="0">
    <subfield code="9">1316</subfield>
    <subfield code="a">DERECHO LABORAL</subfield>
  </datafield>
  <datafield tag="650" ind1=" " ind2="0">
    <subfield code="a">OBLIGACIONES DE LAS PARTES </subfield>
  </datafield>
  <datafield tag="700" ind1=" " ind2=" ">
    <subfield code="9">1423</subfield>
    <subfield code="a">Ackermann, Mario Eduardo</subfield>
    <subfield code="e">director</subfield>
  </datafield>
  <datafield tag="856" ind1=" " ind2=" ">
    <subfield code="u">https://www.rubinzal.com.ar/revistas/revista-de-derecho-laboral/5/?menupc=1</subfield>
    <subfield code="y">Revista Derecho Laboral </subfield>
  </datafield>
  <datafield tag="942" ind1=" " ind2=" ">
    <subfield code="2">udc</subfield>
    <subfield code="c">PP</subfield>
  </datafield>
  <datafield tag="952" ind1=" " ind2=" ">
    <subfield code="0">0</subfield>
    <subfield code="1">0</subfield>
    <subfield code="2">udc</subfield>
    <subfield code="4">0</subfield>
    <subfield code="7">0</subfield>
    <subfield code="a">DJS</subfield>
    <subfield code="b">DJS</subfield>
    <subfield code="d">2024-04-19</subfield>
    <subfield code="r">2024-04-19</subfield>
    <subfield code="w">2024-04-19</subfield>
    <subfield code="y">PP</subfield>
  </datafield>
</record>
